[Event " 19. CAROBNI PRSTEN 2016"]
[Site "Valpovo"]
[Date "2016.12.11"]
[Round "6.2"]
[White "Medic, Mirjana"]
[Black "Maroslavac, Ivana"]
[Result "0-1"]
[WhiteElo "2147"]
[BlackElo "1676"]
[PlyCount "112"]
[EventDate "2016.12.09"]

1. d4 g6 2. Nf3 Bg7 3. g3 d6 4. Bg2 Nc6 5. O-O e5 6. d5 Nce7 7. c4 f5 8. Nc3
Nf6 9. Rb1 Bd7 10. b4 a6 11. Qb3 e4 12. Ne1 b5 13. c5 dxc5 14. bxc5 Bc8 15. d6
cxd6 16. cxd6 Qxd6 17. Ba3 Qe6 18. Nc2 Qxb3 19. axb3 Nfd5 20. Nxd5 Nxd5 21. f3
Nc3 22. Rbe1 Bb7 23. Bc5 Rd8 24. e3 exf3 25. Bxf3 Bxf3 26. Rxf3 Rd1 27. Rxd1
Nxd1 28. h3 Nc3 29. g4 fxg4 30. hxg4 Bf8 31. Ba7 Be7 32. Nd4 Rf8 33. Rxf8+ Bxf8
34. Kf2 Kd7 35. Kf3 Bg7 36. Nc2 Kd6 37. e4 a5 38. Ke3 a4 39. bxa4 bxa4 40. g5
Nb5 41. Bb8+ Ke6 42. Kd3 Be5 43. Kc4 Bxb8 44. Kxb5 Ke5 45. Kxa4 Kxe4 46. Kb3
Bf4 47. Ne1 Bxg5 48. Kc2 Ke3 49. Kd1 Kf2 50. Nd3+ Kf1 51. Ne5 Bf4 52. Nd3 g5
53. Kc2 h5 54. Kc3 h4 55. Kd4 h3 56. Ke4 h2 0-1

[Event " 19. CAROBNI PRSTEN 2016"]
[Site "Valpovo"]
[Date "2016.12.11"]
[Round "6.3"]
[White "Mikic, Ivana"]
[Black "Vukajlovic, Zorana"]
[Result "1-0"]
[WhiteElo "1593"]
[BlackElo "1709"]
[PlyCount "59"]
[EventDate "2016.12.09"]

1. e4 e5 2. Nf3 Nc6 3. Bb5 Nf6 4. O-O Nxe4 5. d4 Nd6 6. Bxc6 dxc6 7. dxe5 Nf5
8. Qxd8+ Kxd8 9. Nc3 h6 10. b3 b6 11. Bb2 c5 12. Rad1+ Ke8 13. Nd5 Rb8 14.
Nxc7+ Ke7 15. g4 Nd4 16. Nxd4 Kd7 17. Ndb5+ Kc6 18. c4 a6 19. h3 axb5 20. Nxb5
Ra8 21. a4 h5 22. f3 Be6 23. Nc3 h4 24. Ne4 Be7 25. f4 Rhg8 26. f5 Bd7 27. Nc3
Rad8 28. Bc1 Rge8 29. Nd5 f6 30. e6 1-0

[Event " 19. CAROBNI PRSTEN 2016"]
[Site "Valpovo"]
[Date "2016.12.11"]
[Round "6.4"]
[White "Roklicer, Heike"]
[Black "Basrak, Tea"]
[Result "1-0"]
[WhiteElo "1992"]
[BlackElo "1443"]
[PlyCount "93"]
[EventDate "2016.12.09"]

1. d4 d5 2. c4 e6 3. Nc3 Nf6 4. Nf3 Nc6 5. Bg5 Be7 6. e3 O-O 7. Rc1 b6 8. cxd5
exd5 9. a3 Bb7 10. Bd3 Re8 11. O-O Rc8 12. Qc2 g6 13. Qe2 Nh5 14. Bxe7 Rxe7 15.
Qc2 Nf6 16. b4 a5 17. Qb3 axb4 18. axb4 Qd6 19. Rb1 Nd8 20. Nb5 Qd7 21. Rfc1
Ne6 22. Ne5 Qd8 23. Na7 Ra8 24. Nac6 Bxc6 25. Nxc6 Qd6 26. Nxe7+ Qxe7 27. Ra1
Rc8 28. b5 Qd7 29. Rc6 Ne8 30. Ra7 Nd8 31. Rxb6 Ne6 32. Rc6 Nd8 33. Rca6 Nd6
34. Qxd5 Qe7 35. Ra8 Qd7 36. Rxc8 Qxc8 37. Ra8 Qd7 38. Qg5 N6b7 39. Be4 Kg7 40.
h3 Ne6 41. Qe5+ f6 42. Qd5 Nd6 43. Bd3 f5 44. Qe5+ Kf7 45. Qh8 h5 46. d5 Ng5
47. Qf8# 1-0

[Event " 19. CAROBNI PRSTEN 2016"]
[Site "Valpovo"]
[Date "2016.12.11"]
[Round "6.6"]
[White "Vidovic, Petra"]
[Black "Juric, Ester"]
[Result "0-1"]
[WhiteElo "1465"]
[BlackElo "1455"]
[PlyCount "124"]
[EventDate "2016.12.09"]

1. e4 c5 2. Nf3 d6 3. d4 cxd4 4. Qxd4 Nc6 5. Qd1 Nf6 6. Nc3 e6 7. Bd3 Be7 8.
O-O O-O 9. Be3 Bd7 10. h3 Rc8 11. Qd2 a6 12. a3 Re8 13. Na4 Bf8 14. Bg5 h6 15.
Bh4 e5 16. Qe3 Nd4 17. Nc3 Be7 18. Nxd4 exd4 19. Qxd4 Bc6 20. Bg3 d5 21. e5 Ne4
22. Bxe4 dxe4 23. Qxd8 Rcxd8 24. Rad1 Bc5 25. Rfe1 Rxd1 26. Rxd1 e3 27. fxe3
Bxe3+ 28. Kh2 Re6 29. Rd8+ Kh7 30. Rd1 Rg6 31. Rd6 Rg5 32. e6 fxe6 33. Rxe6 Bf4
34. Ne2 Bb8 35. Re3 a5 36. Kh1 h5 37. c3 h4 38. Bxb8 Rxg2 39. Nd4 Rg3+ 40. Nxc6
Rxe3 41. Nxa5 Rxh3+ 42. Kg2 Rd3 43. Nc4 b5 44. Na5 Rd2+ 45. Kh3 g5 46. Bc7 Rxb2
47. Bd8 Kg6 48. c4 bxc4 49. Nxc4 Rb3+ 50. Kg2 h3+ 51. Kh2 g4 52. Bh4 Rc3 53.
Ne5+ Kf5 54. Nf7 Rc2+ 55. Kg1 Kf4 56. Nh8 Kf3 57. Ng6 g3 58. Ne5+ Kf4 59. Nd3+
Kg4 60. Bf6 Rd2 61. Ne5+ Kf5 62. Bg7 Rd1# 0-1

[Event " 19. CAROBNI PRSTEN 2016"]
[Site "Valpovo"]
[Date "2016.12.11"]
[Round "7.1"]
[White "Smetisko, Marija"]
[Black "Mikic, Ivana"]
[Result "1-0"]
[WhiteElo "1891"]
[BlackElo "1593"]
[PlyCount "126"]
[EventDate "2016.12.09"]

1. e4 e5 2. Nf3 Nc6 3. Bc4 Bc5 4. c3 Nf6 5. d3 d6 6. Nbd2 O-O 7. Bb3 Bb6 8. Nc4
h6 9. a4 Be6 10. Ba2 a6 11. Nxb6 cxb6 12. Bxe6 fxe6 13. Qb3 d5 14. O-O Na5 15.
Qa2 Qc7 16. Re1 Nc6 17. Qb3 Na5 18. Qa2 Nc6 19. Qb3 Na5 20. Qa2 Nc6 21. h3 Rad8
22. Bd2 d4 23. Rac1 Qd6 24. cxd4 Nxd4 25. Nxd4 Qxd4 26. Qb3 Nd7 27. Be3 Qd6 28.
Red1 Rc8 29. f3 Kf7 30. Kf1 Rc6 31. Rxc6 Qxc6 32. Rc1 Nc5 33. Bxc5 bxc5 34. a5
Rc8 35. Qc3 Qd6 36. b4 Rd8 37. bxc5 Qxd3+ 38. Qxd3 Rxd3 39. c6 bxc6 40. Rxc6
Ra3 41. Rxa6 Ra2 42. h4 Kf6 43. Kg1 Kf7 44. Kh2 Kf6 45. Kh3 g6 46. Ra7 Ra3 47.
a6 Ra2 48. Ra8 Ra3 49. a7 Kg7 50. Kg4 Ra2 51. g3 Ra3 52. Re8 Rxa7 53. Rxe6 Ra5
54. h5 g5 55. Rg6+ Kh7 56. Rd6 Ra8 57. Rd7+ Kg8 58. Kf5 Ra6 59. Re7 Ra3 60. Re6
Rxf3+ 61. Kg6 g4 62. Re8+ Rf8 63. Rxf8+ Kxf8 1-0

[Event " 19. CAROBNI PRSTEN 2016"]
[Site "Valpovo"]
[Date "2016.12.11"]
[Round "7.2"]
[White "Vidovic, Petra"]
[Black "Medic, Mirjana"]
[Result "0-1"]
[WhiteElo "1465"]
[BlackElo "2147"]
[PlyCount "58"]
[EventDate "2016.12.09"]

1. e4 e6 2. d4 d5 3. exd5 exd5 4. Bd3 c5 5. c3 cxd4 6. cxd4 Nc6 7. Be3 Nf6 8.
h3 Qb6 9. Qb3 Qxb3 10. axb3 Bd7 11. Nf3 Nb4 12. Kd2 Nxd3 13. Kxd3 Bb5+ 14. Kd2
Ne4+ 15. Kd1 Bb4 16. Nbd2 O-O 17. Nxe4 dxe4 18. Nd2 f5 19. f3 f4 20. Bg1 e3 21.
Nc4 Rfd8 22. Nxe3 Rxd4+ 23. Kc1 Bd2+ 24. Kb1 Bd3+ 25. Ka2 fxe3 26. Rd1 Rd6 27.
b4 e2 28. Rxd2 Bc4+ 29. Ka3 Ra6# 0-1

[Event " 19. CAROBNI PRSTEN 2016"]
[Site "Valpovo"]
[Date "2016.12.11"]
[Round "7.3"]
[White "Vukajlovic, Zorana"]
[Black "Raguz, Ivanka"]
[Result "1-0"]
[WhiteElo "1709"]
[BlackElo "1842"]
[PlyCount "57"]
[EventDate "2016.12.09"]

1. e4 Nf6 2. Nc3 d5 3. exd5 Nxd5 4. Nxd5 Qxd5 5. Nf3 Bg4 6. Be2 Nc6 7. h3 Bh5
8. O-O O-O-O 9. d3 e5 10. Be3 Be7 11. Nd2 Bxe2 12. Qxe2 f5 13. Nb3 f4 14. Bd2
h5 15. Rfe1 g5 16. Bc3 Bf6 17. Qe4 Qf7 18. Qf5+ Kb8 19. Nc5 Rhe8 20. Ne4 Rd6
21. Nxd6 cxd6 22. Re2 Qg7 23. d4 Rf8 24. dxe5 dxe5 25. Rae1 Bd8 26. Bxe5+ Nxe5
27. Qxe5+ Qxe5 28. Rxe5 f3 29. Re8 1-0

[Event " 19. ČAROBNI PRSTEN 2016"]
[Site "Valpovo"]
[Date "2016.12.11"]
[Round "7.5"]
[White "Basrak, Tea"]
[Black "Jurić, Ester"]
[Result "1-0"]
[WhiteElo "1443"]
[BlackElo "1455"]
[PlyCount "89"]
[EventDate "2016.12.09"]

1. e4 c5 2. Nc3 d6 3. g3 Nf6 4. Bg2 e6 5. Nf3 Be7 6. d3 Nc6 7. O-O O-O 8. Be3
Bd7 9. Nh4 Ne8 10. f4 Bxh4 11. gxh4 Qxh4 12. Qf3 Nf6 13. Bf2 Qh5 14. Qxh5 Nxh5
15. Bh4 g6 16. Ne2 Nb4 17. Rfc1 Rab8 18. a3 Nc6 19. Bf3 Ng7 20. Kh1 f5 21. Bg3
fxe4 22. dxe4 e5 23. Rf1 Nd4 24. Nxd4 exd4 25. f5 Bb5 26. Bxd6 Bxf1 27. Bxb8
Rxb8 28. Rxf1 gxf5 29. exf5 Nxf5 30. Bd5+ Kh8 31. Rxf5 b5 32. Bf3 Rc8 33. Kg2
a5 34. b3 c4 35. Rxb5 c3 36. Be4 Rg8+ 37. Kf2 Rf8+ 38. Rf5 Re8 39. Bd3 Re3 40.
Rxa5 Rh3 41. Ra8+ Kg7 42. Ra7+ Kh8 43. Rxh7+ Rxh7 44. Bxh7 Kxh7 45. Ke2 1-0

[Event " 19. CAROBNI PRSTEN 2016"]
[Site "Valpovo"]
[Date "2016.12.11"]
[Round "7.6"]
[White "Maroslavac, Ivana"]
[Black "Juric, Matea"]
[Result "*"]
[WhiteElo "1676"]
[BlackElo "1312"]
[PlyCount "47"]
[EventDate "2016.12.09"]

1. e4 e5 2. Nf3 Nc6 3. Bb5 d6 4. c3 Bd7 5. O-O Nf6 6. Re1 Be7 7. d4 a6 8. Ba4
b5 9. Bb3 Bg4 10. dxe5 Nxe5 11. Nbd2 O-O 12. h3 Bh5 13. Bc2 c6 14. g4 Bg6 15.
Nxe5 dxe5 16. Nf3 Qc7 17. Qe2 Rad8 18. Bd2 Rfe8 19. a4 Bc5 20. axb5 axb5 21.
Rad1 Qe7 22. Nh4 Nd7 23. Bg5 Qxg5 24. Nxg6 {forfeit players - negotiation
results} *